Aportaciones indias a la educación.

Gardado en:
Detalles Bibliográficos
Autor Principal: López, Gerardo (autor)
Outros autores: Velasco, Sergio (autor) (autor)
Formato: Libro
Idioma:Lingua castelá
Series:(Biblioteca pedagógica ; no. 4)
Temas:
Etiquetas: Engadir etiqueta
Sen Etiquetas, Sexa o primeiro en etiquetar este rexistro!

MARC

LEADER 00000cam^a2200000uu^4500
001 000479920
005 20250521000000.0
008 050901s1985^^^^^^^^^^^^rd^r^^000^0^spa^d
009 20260310124948.484
022 |a 9686011986 
035 |a FCE 000022927 
035 |a FCE 004106 
037 |a Acervo ITESO - Biblioteca 
041 |a spa 
082 0 4 |a 082.1  |b SECa 4 
100 |a López, Gerardo  |e (autor) 
245 1 0 |a Aportaciones indias a la educación. 
264 |a México :  |b SEP : El Caballito,  |c 1985. 
300 |a 157 p. 
336 |a texto  |b txt  |2 rdacontenido 
337 |a sin mediación  |b n  |2 rdamedio 
338 |a volumen  |b nc  |2 rdasoporte 
440 0 |a (Biblioteca pedagógica ;  |v no. 4) 
649 |a XX 
650 |a Indígenas 
650 |a Educación indígena 
650 |a Educación 
650 |a Antología 
650 |a Capacitación 
700 |a Velasco, Sergio  |e (autor) 
910 |a Fondo Centro de Estudios Educativos 
920 |a Impresos - Libros 
930 |a Fondos Especiales 
905 |a 133 
901 |a ALE004106  |b IT2  |c CEE  |u 20250521 
902 |a https://opac.biblio.iteso.mx/vufind/Record/000479920